Marvel characters beginning with 'A' - Statistics

General Stats
  • This quiz has been taken 971 times
  • The average score is 6 of 16
Answer Stats
Hint Answer % Correct
Super strong enemy of the Hulk Abomination
82%
Earths Mightiest Heroes Avengers
79%
God of War Ares
68%
This hero's name has been held by at least 3 people Ant-man
64%
One of the founding members of the X-men Angel
48%
Age of... Apocalypse
42%
Father of Nightcrawler Azazel
36%
Canadian superhero team Alpha Flight
26%
Earthquake creating mutant Avalanche
26%
Underwater race Atlanteans
22%
Eddie Brock went by this name once upon a time Anti-venom
19%
Aquatic supervillain Attuma
17%
Fantastic Four and Nova enemy Annihilus
14%
Trap creating X-men and Spider-man villain Arcade
13%
Bald headed enemy of Hank Pym Absorbing man
10%
Erik Josten; Thunderbolt Atlas
9%
No matching quizzes found
Score Distribution
Percent of People with Each Score
Percentile by Number Answered
Your Score History
You have not taken this quiz